Lengua y literatura; selección de textos, 1 /

Guardado en:
Autor Principal: Veirave, Alfredo
Formato: Libro
Publicado: Buenos Aires : Kapelusz, 1985
Etiquetas: Agregar Etiqueta
Sin Etiquetas, Sea el primero en etiquetar este registro!
LEADER 00573nam a22001695a 4500
001 CEM.cems006515
005 20060214000000.0
008 130507s1985##################000#0#####d
003 CEMS
082 0 4 |a 468.7 
100 1 |a Veirave, Alfredo 
245 1 0 |a Lengua y literatura; selección de textos, 1 / 
260 |a Buenos Aires :  |b Kapelusz,  |c 1985 
300 |a 1891 p. 
859 |a CEMS  |b BIB. CEMS - 11 de abril  |h 468.7  |i V533/I  |p 14107.86  |t Ej.1 
859 |a CEMS  |b BIB. CEMS - 11 de abril  |h 468.7  |i V533/I  |p 14971.88  |t Ej.2 
859 |a CEMS  |b BIB. CEMS - 11 de abril  |h 468.7  |i V533/I  |p 14972.88  |t Ej.3